000 01709nam0a2200397 4500
001 RU\NLR\bibl\1420280
005 20260405191105.0
010 _a978-5-91362-148-1
_bв пер.
_95000
021 _aRU
_b2009-58466
_93610
035 _a(NLR Aleph) 001412229
090 _a1289820
_c1289820
100 _a20090709d2009 |||y0rusy50 ca
101 0 _arus
102 _aRU
105 _aa dm |||||
200 1 _aСвятая гора Афон
_e[сборник
_fред. Михайлов Е. В.]
210 _aМосква
_cСибирская Благозвонница
_d2009
215 _a349, [2] с., [8] л. цв. ил., портр.
_cтабл.
_d17
300 _aВ вып. дан. загл.: Гора Афон, гора святая
325 _aКопия доступна в Электрон. б-ке РНБ http://vivaldi.nlr.ru/bx000031827/view
517 0 _aГора Афон, гора святая
601 0 2 _aАфон
_92136143
_3RU\NLR\auth\661288076
686 _aЭ372.14,0
_2rubbk
686 _aЭ372.14
702 1 _4340
_8rus
_7ca
_aМихайлов
_bЕ. В.
_cредактор сборников
_3RU\NLR\AUTH\7783165
_966093
801 0 _aRU
_bРКП
_c20090709
_grcr
801 1 _aRU
_bРГБ
_c20090709
801 2 _aRU
_bNLR
_c20091006
_grcr
942 _cBOOK
980 _aNB
981 1 3 _a(13) Документы, защищенные авторским правом
_b(13) Современная научная, научно-популярная и популярная литература